000 00961nam a2200289 i 4500
001 bg
100 1 _aPOWELL, Keith A.
_d(1961- ).
245 1 0 _aVisio 2002 dla każdego :
_bszybkie tworzenie diagramów i schematów /
_cKeith Powell ; [tł. Tomasz Miszkiel].
246 _iTyt. oryg.:
_aSpecial edition using Microsoft Visio 2002
260 _aGliwice :
_b"Helion",
_ccop. 2003.
300 _a502 s. :
_bil. ;
_c24 cm.
490 1 _aDla Każdego
500 _aTyt. oryg.: "Special edition using Microsoft Visio 2002" 2003.
650 9 _aVisio
655 _aPodręczniki
700 1 _aMiszkiel, Tomasz.
_eTł.
830 _aDla Każdego
015 _aPB 2978/2004
020 _a8373610936
040 _cBPK
041 1 _apol
_heng
080 _a004.42:004.92](07)
920 _a83-7361-093-6
942 _cKS
008 s pl f |000 0 pol
999 _c46799
_d46799
856 _uhttp://koha.tu.koszalin.pl/cgi-bin/koha/opac-detail.pl?biblionumber=46799
_yKatalog online BPK